| 000 | 00425nam a2200169Ia 4500 | ||
|---|---|---|---|
| 008 | 230506s9999 xx 000 0 und d | ||
| 020 | _a9505082479 | ||
| 040 |
_aUPAN _cBiblioteca San Vicente _eRCAA2 |
||
| 041 | _aspa | ||
| 082 |
_a345 _bC748d |
||
| 100 | _aCreus Carlos | ||
| 245 | 0 | _aDerecho General - parte general | |
| 250 | _a5ยช ed | ||
| 260 |
_aBuenos Aires _bAstrea _c2003 |
||
| 300 |
_a547 p. _c20 cm. |
||
| 942 | _cBK | ||
| 999 |
_c8109 _d8109 |
||